| 000 | 00531nam a2200181 a 4500 | ||
|---|---|---|---|
| 005 | 20140310183136.0 | ||
| 008 | 020823s19uu xx 00 eng d | ||
| 020 | _a9814066486 | ||
| 050 |
_aHG 4026 _b.B669 2001 |
||
| 100 | _aBrigham, Eugene F. | ||
| 245 |
_aFinancial management : _btheory and practice / _cEugene F. Brigham. |
||
| 260 |
_aMason, Ohio : _bThomson/South-Western, _c2001. |
||
| 300 |
_a1087 p. : _bill. ; _c25 cm. |
||
| 521 | _aBSBA | ||
| 650 |
_aCorporations _xfinance |
||
| 942 |
_cBK _2lcc _kFOR |
||
| 999 |
_c19293 _d19293 |
||